Comparison of the Development of Competitiveness of the Economy of the Slovakia and the Czech Republic

V súčasnosti sa čoraz väčšia pozornosť venuje konkurencieschopnosti nielen na podnikovej úrovni, ale aj na medzinárodnej úrovni, resp. makroekonomickej. Jednotlivé krajiny medzi sebou súťažia a chcú vedieť, aká je ich pozícia v porovnaní s potenciálnymi konkurentmi. Snaha o zistenie dosiahnutých hod...

Full description

Saved in:
Bibliographic Details
Main Author: Vyhnička, Jaroslav
Other Authors: Žárská, Veronika
Format: Book Chapter
Language:English
Subjects:
Tags: Add Tag
No Tags, Be the first to tag this record!

MARC

LEADER 00000naa a2200000 4500
001 0283399
005 20250210130419.3
041 0 |a eng 
044 |a SK 
245 1 0 |a Comparison of the Development of Competitiveness of the Economy of the Slovakia and the Czech Republic  |c Jaroslav Vyhnička, Veronika Žárská 
520 |a V súčasnosti sa čoraz väčšia pozornosť venuje konkurencieschopnosti nielen na podnikovej úrovni, ale aj na medzinárodnej úrovni, resp. makroekonomickej. Jednotlivé krajiny medzi sebou súťažia a chcú vedieť, aká je ich pozícia v porovnaní s potenciálnymi konkurentmi. Snaha o zistenie dosiahnutých hodnôt jednotlivých indexov rozvoja konkurencieschopnosti ekonomiky SR a ČR na základe dostupných informácií a štatistických údajov a porovnanie týchto hodnôt. 
610 2 0 |a konkurencieschopnosť 
610 2 0 |a index globálnej konkurencieschopnosti 
610 2 0 |a rozvoj hospodársky 
610 2 0 |a údaje štatistické 
610 2 0 |a informácie 
610 2 0 |a Slovensko 
610 2 0 |a Česko 
100 1 |a Vyhnička, Jaroslav 
700 1 |a Žárská, Veronika